| 000 | 01916cam a22004334i 4500 | ||
|---|---|---|---|
| 003 | PE-LiUPU | ||
| 005 | 20250731173025.0 | ||
| 008 | 150623s1999 ag r 000 0 spa d | ||
| 020 | _a9505731221 | ||
| 035 | _a(Sirsi) i9789505731220 | ||
| 040 |
_aPE-LiUPU _bspa _cPE-LiUPU _erda |
||
| 049 | _aPRUA | ||
| 082 | 0 | 4 |
_a268 _bB13 _221 |
| 245 | 0 | 3 | _aLa Biblia enseña. |
| 264 | 1 |
_aBuenos Aires : _bAsociación Casa Editora Sudamericana, _c1999. |
|
| 300 |
_a463 páginas ; _c23 centímetros |
||
| 336 |
_atext _2rdacontent |
||
| 337 |
_aunmediated _2rdamedia |
||
| 338 |
_avolume _2rdacarrier |
||
| 505 | 0 | _aComo estudiar y comprender la Biblia -- El pecado: su origen, resultados y remedio -- El camino a Cristo -- la vida y las enseñanzas de Cristo -- El Espiritu Santo -- La segura palabra profética -- Acontecimientos venideros y señales de los tiempos -- La ley de Dios. -El sabado -- La libertad cristiana -- Vida solamente en Crsito -- El crecimiento y la experiencia cristiana -- La adoración y el culto público -- El servicio cristiano -- Advertencias y amonestaciones -- El hogar -- La salud y la temperancia -- La restauración del reino. | |
| 526 | _aSEG42 | ||
| 526 | _aSEG41 | ||
| 526 | _aSEG40 | ||
| 526 | _aSEG39 | ||
| 526 | _aP94 | ||
| 526 | _aP87 | ||
| 526 | _aP86 | ||
| 526 | _aP85 | ||
| 526 | _aP77 | ||
| 526 | _aP76 | ||
| 526 | _aP35 | ||
| 630 |
_aBiblia _xEstudio y enseñanza. |
||
| 942 |
_2ddc _cBOOK |
||
| 949 |
_a268 B13 _wDEWEY _c1 _i48257 _d2016-6-19 _e2016-6-15 _lCCODEBUL1 _mBUL _n1 _r0 _sY _tBOOK _u2015-6-24 _xTEOLOGIA _PP35 _0COMPRA _o.STAFF. Colección Teología |
||
| 994 |
_aC0 _bPEPRU |
||
| 596 | _a1 | ||
| 999 |
_a268 B13 _wDEWEY _c24422 _i48257 _d24422 _e2016-6-15 _f2021-11-10 _g5 _lCCODEBUL1 _mBUL _n1 _p12.00 _q3 _r0 _sY _tBOOK _u2015-6-24 _xTEOLOGIA _PP35 _0COMPRA _o.STAFF. Colección Teología |
||
| 980 |
_81 _gALBERTO SANCHEZ Responsable de Automatización |
||